| 000 | 00475nam a2200205Ia 4500 | ||
|---|---|---|---|
| 008 | 210210b1932 xxu||||| |||| 00| 0 eng d | ||
| 041 | _aeng | ||
| 082 | _a821/904 | ||
| 100 | _aMALLESON | ||
| 245 | _aModern Short Plays: Third Series | ||
| 260 |
_aLondon _bUniversity of London Press., _c1932 |
||
| 650 | _aThird | ||
| 650 | _aShort | ||
| 650 | _aSeries | ||
| 650 | _aPlays: | ||
| 650 | _aModern | ||
| 690 | _aEnglish Drama | ||
| 700 | _aOthers | ||
| 906 | _a012070 | ||
| 999 |
_c130821 _d130821 |
||